Francisco Fabro de Bremundans (1621-1698) (Record no. 149422)

MARC details
000 -LEADER
campo de control de longitud fija 00721nam a2200193 i 4500
001 - NÚMERO DE CONTROL
campo de control 149422
003 - IDENTIFICADOR DE NÚMERO DE CONTROL
campo de control ES-MaACL
005 - FECHA Y HORA DE LA ÚLTIMA TRANSACCIÓN
campo de control 20230906203109.0
007 - CAMPO FIJO DE DESCRIPCIÓN FÍSICA--INFORMACIÓN GENERAL
campo de control de longitud fija t|
008 - DATOS DE LONGITUD FIJA--INFORMACIÓN GENERAL
campo de control de longitud fija 071022s1968 sp |||| |bspa d
100 1# - ENTRADA PRINCIPAL--NOMBRE DE PERSONA
Nombre de persona Varela Hervías, Eulogio.
9 (RLIN) 113159
245 10 - MENCIÓN DEL TÍTULO
Título Francisco Fabro de Bremundans (1621-1698)
Resto del título : conferencia leída el 9 de mayo con motivo del cincuentenario de la Hemeroteca Municipal de Madrid /
Mención de responsabilidad, etc. por Eulogio Varela Hervás.
260 ## - PUBLICACIÓN, DISTRIBUCIÓN, ETC.
Lugar de publicación, distribución, etc. Madrid :
Nombre del editor, distribuidor, etc. [s.n.],
Fecha de publicación, distribución, etc. 1968 (
Fabricante Artes Gráficas Municipales)
300 ## - DESCRIPCIÓN FÍSICA
Extensión 26 p. ;
Dimensiones 21 cm.
600 14 - PUNTO DE ACCESO ADICIONAL DE MATERIA--NOMBRE DE PERSONA
Nombre de persona Fabro Bremundan, Francisco.
9 (RLIN) 48579
710 2# - ENTRADA AGREGADA--NOMBRE DE ENTIDAD CORPORATIVA
Nombre de entidad corporativa o nombre de jurisdicción como elemento de entrada Hemeroteca Municipal de Madrid.
9 (RLIN) 4560
852 ## - LOCALIZACIÓN
Ubicación ES-MaACL
Número de control de estantería 2066-F-14
852 ## - LOCALIZACIÓN
Ubicación ES-MaACL
Número de control de estantería 2071-F-22
Holdings
Estatus retirado Estado de pérdida Estado de daño No para préstamo Colección Biblioteca de origen Biblioteca actual Ubicación en estantería Fecha de adquisición Fuente de adquisición Total de préstamos Signatura topográfica completa Código de barras Visto por última vez Precio de reemplazo Tipo de ítem Koha
        Colección de folletos Biblioteca del Ateneo de Madrid Biblioteca del Ateneo de Madrid Depósito folletos 17/01/2008     2071-F-22 1155925 23/02/2023 23/02/2023 Folleto
        Colección de folletos Biblioteca del Ateneo de Madrid Biblioteca del Ateneo de Madrid Depósito folletos 17/01/2008     2066-F-14 1155924 23/02/2023 23/02/2023 Folleto